Estatísticas para Vencedores de A Fazenda

Clique aqui para jogar o quiz

Estatísticas Gerais

  • Esse quiz foi jogado 66 vezes
    (11 desde o último reset)
  • A pontuação média é 10 de 15

Estatísticas das Respostas

TemporadaVencedor% Correto
1Dado Dolabella
90%
12Jojo Toddynho
90%
14Bárbara Borges
80%
6Bárbara Evans
80%
13Rico Melquiades
80%
8Douglas Sampaio
70%
2Karina Bacchi
70%
11Lucas Viana
70%
5Viviane Araújo
70%
4Joana Machado
60%
10Rafael Ilha
60%
7DH
50%
9 (Nova Chance)Flávia Viana
50%
3Daniel Bueno
40%
15Jaquelline Grohalski
40%

Distribuição das Pontuações

Percentil de Números Respondidos

Porcentagem de Pessoas com Cada Pontuação

Sua Pontuação Histórica

Você não jogou esse quiz desde o último reset